00373 2200133 4500001002100000005001700021008004100038035002500079041000700104100002100111245005800132260003000190300001900220INLIS0000000000035440:yyyyMMddHHmmss180719||||||||| | ||| |||| || |  a0010-031300000003544 aid0 aYuliadi Soekardi00aCerita Rakyat Jawa Barat : Sepasang Harimau Pajajaran aBandungbPustaka Setiac0 a128 hal, 26 cm